00743cam a22002057a 4500003000500000005001700005008004100022010001000063011001000073035001100083040000900094100003700103245014300140260004300283300001100326502012600337650002800463650003300491650001300524CHAP20220329142914.0050127d2003 mx r 00110 spa d a89458 a90430 a100986 cCHAP00aMontes Estrada, María Leonila.10aCultura y hábitos alimentarios en dos comunidades indígenas de la Sierra de Santa Marta, Veracruzc/por María Leonila Montes Estrada aMontecillo, Méx. :bEl autor,c2003. a197 h. aTesis(M.C.) -- CP. Instituto de Socioeconomía, Estadística e Informática. Programa en Estudios del Desarrollo Rural14aHábitos alimenticios.14aIndios de VeracruzxCultura.14aSierras.